Detalles MARC
| 000 -LIDER |
| fixed length control field |
01264nam a2200445 4500 |
| 001 - NÚMERO DE CONTROL |
| Identificador de número de control |
|
| 003 - IDENTIFICACDOR DE NÚMERO DE CONTROL |
| control field |
DO-SdBNP |
| 005 - DATE AND TIME OF LATEST TRANSACTION |
| control field |
20171127102222.0 |
| 008 - ELEMENTOS DE LONGITUD FIJA |
| fixed length control field |
110224c2017 dr 0 0spa |
| 010 ## - NUMERO DE CONTROL DE BIBLIOTECA DEL CONGRESO |
| LC control number |
|
| 022 ## - ISSN |
| Incorrect ISSN |
|
| 035 ## - NÚMERO LOCAL |
| System control number |
|
| 040 ## - FUENTE DE CATALOGACIÓN |
| Agencia que crea de manera original el registro |
DO-SdBNP |
| Agencia que realiza la transcripción |
DO-SdBNP |
| Agencia que realiza la modificación |
|
| Idioma de catalogación |
spa |
| 042 ## - CÓDIGO DE AUNTENTIFICACIÓN |
| Authentication code |
|
| 043 ## - CÓDIGO DE ÁREA GEOGRÁFICA |
| Geographic area code |
|
| -- |
|
| 050 00 - NÚMERO DE CLASIFICACIÓN BIBLIOTECA DEL CONGRESO |
| Classification number |
|
| Item number |
|
| 082 ## - NÚMERO DE CLASIFICACIÓN DECIMAL DE DEWEY |
| Classification number |
342.0269 |
| Item number |
R426a |
| 100 ## - ASIENTO PRINCIPAL -- NOMBRE PERSONAL |
| Nombre personal |
República Dominicana |
| Numeración |
Tribunal Constitucional |
| 130 0# - ASIENTO PRINCIPAL--TITULO UNIFORME |
| Título uniforme |
Anuario (Universidad de la Habana. Cátedra Juan Bosch) |
| 210 ## - TITULO ABREVIADO |
| Campo enlazado y núm. de secuencia |
|
| Información relevante |
|
| 245 10 - MENCIÓN DE TITULO |
| Título |
Anuario 2016 |
| 260 ## - PUBLICACIÓN, DISTRIBUCIÓN, ETC. (PIE DE IMPRENTA) |
| Lugar de publicación, distribución, etc |
Santo Domingo : |
| Nombre del editor, distribuidor, etc. |
Tribunal Constitucional, |
| Lugar de publicación, distribución, etc |
|
| Nombre del editor, distribuidor, etc. |
|
| Fecha de publicación, distribución, etc |
2017 |
| 300 ## - DESCRIPCIÓN FÍSICA |
| Extensión |
436 p.; |
| Otros detalles físicos |
|
| Dimensiones |
26 cm. |
| 310 ## - CURRENT PUBLICATION FREQUENCY |
| Current publication frequency |
Annual |
| 362 1# - DATES OF PUBLICATION AND/OR SEQUENTIAL DESIGNATION |
| Dates of publication and/or sequential designation |
|
| 500 ## - NOTA GENERAL |
| Nota general |
Año del 50 aniversario de la Consitucionazación del himno nacional |
| 588 ## - SOURCE OF DESCRIPTION NOTE |
| Source of description note |
Description based on: No. 1, published in 2008?; title from title page. |
| 600 10 - ENCABEZAMIENTO DE MATERIA--NOMBRE PERSONAL |
| Nombre personal |
|
| Fechas asociadas con el nombre |
|
| Subdivisión de forma |
|
| 650 ## - ENCABEZAMIENTO DE MATERIA--TEMÁTICO |
| Término temático o nombre geográfico como elemento de entrada |
Tribunales constitucionales |
| Subdivisión geográfica |
República Dominicana. |
| 651 #0 - ENCABEZAMIENTO DE MATERIA--NOMBRE GEOGRÁFICO |
| Nombre geográfico |
República Dominicana |
| Subdivisión de forma |
|
| Subdivisión temática general |
Constitucion, 1965. |
| 651 #0 - ENCABEZAMIENTO DE MATERIA--NOMBRE GEOGRÁFICO |
| Nombre geográfico |
|
| Subdivisión de forma |
|
| 710 2# - ASIENTO SECUNDARIO -- NOMBRE CORPORATIVO |
| Nombre corporativo o de jurisdicción |
|
| Unidad subordinada |
|
| 710 2# - ASIENTO SECUNDARIO -- NOMBRE CORPORATIVO |
| Nombre corporativo o de jurisdicción |
|
| 906 ## - LOCAL DATA ELEMENT F, LDF (RLIN) |
| a |
|
| b |
|
| c |
|
| d |
|
| e |
|
| f |
|
| g |
|
| 942 ## - ADDED ENTRY ELEMENTS (KOHA) |
| Source of classification or shelving scheme |
Dewey Decimal Classification |
| Koha item type |
Libros |
| 945 ## - INFORMACIÓN DE PROCESAMIENTO LOCAL |
| Información de procesamiento local |
Inventariado / 2017 VM |
| 956 ## - LOCAL ELECTRONIC LOCATION AND ACCESS (OCLC) |
| Nombre de host |
VMATEO |
| Número de acceso |
10 |
| Información de compresión |
20171127 |
| Trayectoria |
BPMSU |